Výdavky na reklamu a reprezentáciu

Reklama - pojem. Výdavky na reklamu. Formy a druhy reklamy uznávané na daňové účely. Výdavky na reprezentáciu, reklamné predmety.

Saved in:
Bibliographic Details
Main Author: Vajdová, Lívia
Format: Book Chapter
Language:Slovak
Subjects:
Tags: Add Tag
No Tags, Be the first to tag this record!

MARC

LEADER 00000naa$a2200000$$$4500
001 0069164
005 20231106073445.6
041 0 |a slo 
044 |a SK 
245 1 0 |a Výdavky na reklamu a reprezentáciu  |c Lívia Vajdová 
520 |a Reklama - pojem. Výdavky na reklamu. Formy a druhy reklamy uznávané na daňové účely. Výdavky na reprezentáciu, reklamné predmety. 
610 2 0 |a reklama 
610 2 0 |a prezentácia firemná 
610 2 0 |a výdavky 
610 2 0 |a výdavky daňové 
100 1 |a Vajdová, Lívia